| 000 | 03169nam a22005058i 4500 | ||
|---|---|---|---|
| 001 | BDZ0054187357 | ||
| 003 | StDuBDS | ||
| 005 | 20260310112518.0 | ||
| 006 | m|||||o||d|||||||| | ||
| 007 | cr ||||||||||| | ||
| 008 | 251001s2025 enk fo 000|0 eng|d | ||
| 020 |
_a9780443273612 (ePub ebook) : _c130.00 |
||
| 040 |
_aStDuBDS _beng _erda _epn _cStDuBDS _dStDuBDSZ |
||
| 050 | 4 |
_aTA445 _b.N2 2025 |
|
| 072 | 7 |
_aTEC _2ukslc |
|
| 072 | 7 |
_aTG _2bicssc |
|
| 072 | 7 |
_aTNK _2bicssc |
|
| 072 | 7 |
_aTG _2thema |
|
| 072 | 7 |
_aTNK _2thema |
|
| 072 | 7 |
_aKNJ _2thema |
|
| 082 | 0 | 4 |
_a620.137 _223 |
| 100 | 1 |
_aN., Anand, _eauthor. |
|
| 245 | 1 | 0 |
_aFire behaviour and the residual mechanical properties of structural concrete _h[electronic resource] / _cAnand N, Balamurali Kanagaraj, Diana Andrushia. |
| 263 | _a202512 | ||
| 264 | 1 |
_aOxford : _bWoodhead Publishing, _c2025. |
|
| 300 | _a1 online resource (260 pages). | ||
| 336 |
_atext _2rdacontent |
||
| 337 |
_acomputer _2rdamedia |
||
| 338 |
_aonline resource _2rdacarrier |
||
| 366 |
_b20251204 _cAvailable |
||
| 490 | 1 | _aWoodhead Publishing series in civil and structural engineering | |
| 505 | 0 | _a1. Introduction2. Fire behaviour of structural concrete3. Residual mechanical properties of traditional concrete4. Residual mechanical properties of fibre-reinforced concrete5. Residual mechanical properties of self-compacting concrete6. Residual mechanical properties of geopolymer concrete7. Microstructure analysis of fire-exposed concrete8. Passive fire protection techniques9. Soft computing techniques for concrete crack detection10. Recommendations and scope for future studies | |
| 520 | 8 | _aFire Behaviour and the Residual Mechanical Properties of Structural Concrete helps readers understand these processes, enabling engineers and researchers to develop effective fire protection measures and design guidelines for concrete structures. Studying the behavior of concrete under fire is crucial for understanding the performance and safety of concrete structures in fire conditions. Concrete is widely used in the construction industry due to its strength, durability, and fire resistance properties. However, even though concrete is inherently fire-resistant, it can still be affected by high temperatures.When concrete is exposed to fire, several physical and chemical processes take place that can lead to its deterioration and eventual failure. This book helps readers understand these processes, enabling engineers and researchers to develop effective fire protection measures and design guidelines for concrete structures. | |
| 588 | _aDescription based on CIP data; resource not viewed. | ||
| 650 | 0 | _aCONCRETE | |
| 650 | 0 | _aEBOOK | |
| 650 | 0 | _aFIRE SAFETY | |
| 690 |
_aBuilding control _96222 |
||
| 700 | 1 |
_aKanagaraj, Balamurali, _eauthor. |
|
| 700 | 1 |
_aAndrushia, A. Diana, _eauthor. |
|
| 776 | 0 | 8 |
_iPrint version : _z9780443273605 |
| 830 | 0 | _aWoodhead Publishing series in civil and structural engineering. | |
| 856 | 4 | 0 |
_uhttps://www.vlebooks.com/product/openreader?id=RICS&accId=9491556&isbn=9780443273612 _zAvailable via Vlebooks (email [email protected] for access) |
| 942 | _2ddc | ||
| 999 |
_c122300 _d122300 |
||